De cursos y de formaciones docentes (Registro nro. 7966)

Detalles MARC
000 -LEADER
fixed length control field 00836 a2200241 4500
001 - CONTROL NUMBER
control field 63066
005 - DATE AND TIME OF LATEST TRANSACTION
control field 20260407155925.0
008 - FIXED-LENGTH DATA ELEMENTS--GENERAL INFORMATION
fixed length control field 260407a2005 arg spa d
003 - CONTROL NUMBER IDENTIFIER
control field AR-UNSa-BCEJYS
040 ## - CATALOGING SOURCE
Original cataloging agency AR-UNSa-BCEJYS
Language of cataloging spa
Transcribing agency AR-UNSa-BCEJYS
080 ## - UNIVERSAL DECIMAL CLASSIFICATION NUMBER
Universal Decimal Classification number 378
Common auxiliary subdivision Enseñanza superior. Universidades. Escuelas especiales
020 ## - INTERNATIONAL STANDARD BOOK NUMBER
International Standard Book Number 978-950-29-0890-8
041 ## - LANGUAGE CODE
Language code of text/sound track or separate title spa
100 1# - MAIN ENTRY--PERSONAL NAME
Personal name Cardinaux, Nancy
245 10 - TITLE STATEMENT
Title De cursos y de formaciones docentes
Name of part/section of a work Historia de la carrera docente de la Facultad de Derecho de la UBA
264 #1 - PRODUCTION, PUBLICATION, DISTRIBUTION, MANUFACTURE, AND COPYRIGHT NOTICE
Place of production, publication, distribution, manufacture Buenos Aires :
Name of producer, publisher, distributor, manufacturer Universidad de Buenos Aires. Facultad de Derecho. Departamento de Publicaciones
Date of production, publication, distribution, manufacture, or copyright notice 2005
300 ## - PHYSICAL DESCRIPTION
Extent 161 p.
Dimensions 23 cm.
590 ## - LOCAL NOTE (RLIN)
Local note niveau_biblio:m niveau_hierar:0
700 1# - ADDED ENTRY--PERSONAL NAME
Personal name Clérico, María Laura
700 1# - ADDED ENTRY--PERSONAL NAME
Personal name Molinari, Andrea
700 1# - ADDED ENTRY--PERSONAL NAME
Personal name Ruiz, Guillermo
942 ## - ADDED ENTRY ELEMENTS (KOHA)
Koha item type
Existencias
Withdrawn status Lost status Damaged status Not for loan Home library Current library Shelving location Date acquired Total checkouts Full call number Barcode Date last seen Price effective from Koha item type
        Biblioteca Prof. Eusebio Cleto del Rey Biblioteca Prof. Eusebio Cleto del Rey   07/04/2026   378 C267 L116208 07/04/2026 07/04/2026 Libro